000 00455nam a2200181Ia 4500
005 20220831140149.0
008 131103s9999 xx 000 0 und d
040 _aLoreto College
041 _aEnglish
082 _a130
_bLEW
100 _aLewis, Hedwig
245 _aImages of mirrors
_cHedwig Lewis
260 _aAhmedabad
_bGujrat Sahitya Prakash
_c1998
300 _axii,177p
_b22cm
650 _aParapsychology
850 _aLCLIB
942 _cBK
999 _c18389
_d68868